A carregar...

Fallahu al-faseeh /

Detalhes bibliográficos
Autor principal: Baktheer, Ali Ahammed
Formato: Printed Book
Idioma:Arabic
Publicado em: Al-Fujala : Makthabath Misr ,
LEADER 00538nam a2200157Ia 4500
008 150624b xxu||||| |||| 00| | ara d
020 |a 9771101447 
082 |a 892.72B 
100 |a Baktheer, Ali Ahammed 
245 |c Ali Ahammed Baktheer  |a Fallahu al-faseeh / 
260 |a Al-Fujala :  |b Makthabath Misr , 
300 |a 125 p. 
546 |a In Arabic. 
942 |c BK 
999 |c 95084  |d 95084 
952 |0 0  |1 0  |4 0  |6 892_000000000000000_72B_FAL  |7 0  |9 95025  |a UL  |b UL  |c ST1  |d 2000-08-23  |e IPH   |l 1  |o 892.72B FAL  |p 74279  |r 2013-10-01  |s 2013-08-27  |v 320.00  |w 2012-10-27  |y BK